| 000 | 02051cam a2200445 a 4500 | ||
|---|---|---|---|
| 001 | 4906041 | ||
| 003 | OSt | ||
| 005 | 20220328105159.0 | ||
| 008 | 940518m19951999ne a b 001 0 eng | ||
| 010 | _a 94018512 | ||
| 020 | _a0792329392 (set : acidfree paper) | ||
| 020 | _a0792330358 (v. 1 : acidfree paper) | ||
| 020 | _a0792330706 (v. 2 : acidfree paper) | ||
| 020 | _a0792329384 (v. 3 : acidfree paper) | ||
| 020 | _a0792353404 (v. 4 : acidfree paper) | ||
| 020 | _a0792355539 (v. 5 : acidfree paper) | ||
| 035 | _a(DLC) 94018512 | ||
| 040 |
_aDLC _cHU _dDLC |
||
| 050 | 0 | 0 |
_aSD403.5 _b.S66 1994 |
| 082 | 0 | 0 |
_a635.9/77 SOM 1999 _220 |
| 245 | 0 | 0 |
_aSomatic embryogenesis in woody plants / _cedited by S. Mohan Jain, Pramod K. Gupta, and Ronald J. Newton. |
| 260 |
_aDordrecht ; _aBoston : _bKluwer Academic, _cc1995-c1999. |
||
| 300 |
_a5 v. : _bill. (some col.) ; _c25-26 cm. |
||
| 490 | 1 |
_aForestry sciences ; _vv. 44-46, 55, 59 |
|
| 504 | _aIncludes bibliographical references and indexes. | ||
| 505 | 0 | _av. 1. History, molecular and biochemical aspects, and applications -- v. 2. Angiosperms -- v. 3. Gymnosperms -- v. 4. [without special title] -- v. 5. [without special title]. | |
| 650 | 0 |
_aTrees _xSomatic embryogenesis. _934236 |
|
| 650 | 0 |
_aWoody plants _xSomatic embryogenesis. _934237 |
|
| 650 | 0 |
_aPlant tissue culture. _915797 |
|
| 700 | 1 |
_aJain, S. Mohan. _934238 |
|
| 700 | 1 |
_aGupta, Pramod K. _934239 |
|
| 700 | 1 |
_aNewton, Ronald J. _934240 |
|
| 830 | 0 |
_aForestry sciences ; _vv. 44, etc. _94502 |
|
| 856 | 4 | 2 |
_3Publisher description _uhttp://www.loc.gov/catdir/enhancements/fy0813/94018512-d.html |
| 856 | 4 | 1 |
_3Table of contents only _uhttp://www.loc.gov/catdir/enhancements/fy0813/94018512-t.html |
| 906 |
_a7 _bcbc _corignew _d1 _eocip _f19 _gy-gencatlg |
||
| 942 |
_2ddc _cBOOKS _n0 |
||
| 999 |
_c33692 _d33692 |
||